Analýza odchodovosti klientov poisťovne založená na rozšírenom Coxovom modeli
Gespeichert in:
| 1. Verfasser: | |
|---|---|
| Format: | Buchkapitel |
| Sprache: | Slowakisch |
| Schlagworte: | |
| Tags: |
Keine Tags, Fügen Sie das erste Tag hinzu!
|
MARC
| LEADER | 00000naa$a2200000$$$4500 | ||
|---|---|---|---|
| 001 | 0305452 | ||
| 005 | 20241205094144.0 | ||
| 041 | 0 | |a slo | |
| 044 | |a SK | ||
| 245 | 1 | 0 | |a Analýza odchodovosti klientov poisťovne založená na rozšírenom Coxovom modeli |c Patrícia Teplanová |
| 500 | |a Abstrakt | ||
| 610 | 2 | 0 | |a poisťovne |
| 610 | 2 | 0 | |a klienti |
| 610 | 2 | 0 | |a riziko |
| 610 | 2 | 0 | |a kvantifikácia |
| 100 | 1 | |a Teplanová, Patrícia, 1998- | |